000 00591nam a2200241 a 4500
001 nice12345678
003 IN_TiNIC
005 20260116011852.0
008 050524s1958 phia grp 000 0 eng
020 _a
_c180
082 0 0 _a268
_bCUL
100 _aCully, Iris V
245 _aDynamics of Christian Education
260 _aPhiladelphia
_bWestminster Press
_c1958
300 _a205p
500 _aincludes index and biblioraphy
505 2 _aIndex
650 _aChristian Education & Training
700 1 _aCully, Iris V
902 _bSRS
942 _cBK
999 _c4584
_d4584